Acueducto del inca: proyecto para el servicio de agua potable,fuerza motriz e irrigacion de las provincias de Valparaíso, Aconcagua i Santiago

محفوظ في:
التفاصيل البيبلوغرافية
المؤلف الرئيسي: Harrington, Ricardo (مؤلف)
التنسيق: كتاب
اللغة:الإسبانية
منشور في: Valparaíso Royal 1913
الموضوعات:
الوسوم: إضافة وسم
لا توجد وسوم, كن أول من يضع وسما على هذه التسجيلة!

MARC

LEADER 00000nam a2200000 a 4500
001 UCO2647
003 CL-VaPUC
008 000608e19130000CL |||||||||||||||||spa|d
082 0 4 |a 628.15  |b HAR  |2 21 
100 0 |a Harrington, Ricardo  |e author  |9 446116 
245 1 0 |a Acueducto del inca: proyecto para el servicio de agua potable,fuerza motriz e irrigacion de las provincias de Valparaíso, Aconcagua i Santiago 
300 |a 30 p 
942 |c BK 
945 |d 20000608 00:00:00  |a crobeson 
260 |a Valparaíso  |b Royal  |c 1913 
650 0 |a Acueductos  |9 408464 
650 7 |a DISTRIBUCION DEL AGUA  |2 CL-VaPUC  |9 389658 
651 0 |a Aconcagua   |9 348457 
651 0 |a Santiago  |9 265444 
651 7 |a CHILE  |2 CL-VaPUC  |9 446117 
651 0 |a Valparaíso, Chile  |9 261144 
583 |a last modification  |c 20000608 00:00:00  |k Rodrigo Vera 
999 |c 289150  |d 289148 
952 |0 0  |1 0  |4 0  |6 628_150000000000000_HAR_1913  |7 0  |8 X  |9 337356  |a BIBHIS  |b BIBHIS  |d 2019-11-20  |i 1293834  |o 628.15 HAR 1913  |p 1293834  |r 2024-01-30  |w 2019-11-20  |y BK_X  |k HIS